Hank, the guide : or, The wrong trail /

Bibliographic Details
Main Author: Badger, Jos. E. (Joseph Edward), 1848-1909
Format: Book
Language:English
Published: Cleveland : A. Westbrook, 1908.
Series:Beadle's frontier series (Westbrook) ; no. 31.
Beadle's dime novels ; WF-31.

MARC

Tag First Indicator Second Indicator Subfields
LEADER 00000cam a2200000 i 4500
001 in00001368621
005 20151006080841.0
008 801223r19811908miua a 000 1 eng d
035 |a (OCoLC)07032834 
035 |9 AHJ1527AM 
037 |a CL0054000007  |b University Microfilms International 
037 |b University Microfilms International, 300 N. Zeeb Rd., Ann Arbor, MI 48106 
040 |a UMI  |c UMI  |d UtOrBLW 
049 |a TXAI 
090 |a PS1056.B35  |b H3 1908 
099 |a film  |a B  |a 3866 
100 1 |a Badger, Jos. E.  |q (Joseph Edward),  |d 1848-1909. 
245 1 0 |a Hank, the guide :  |b or, The wrong trail /  |c by Harry Hazard [as printed]. 
264 1 |a Cleveland :  |b A. Westbrook,  |c 1908. 
300 |a 102 pages :  |b illustrations 
336 |a text  |b txt  |2 rdacontent 
337 |a microform  |b h  |2 rdamedia 
338 |a microfilm reel  |b hd  |2 rdacarrier 
490 1 |a Beadle's frontier series ;  |v no. 31 
500 |a Earlier edition published under title: Hank Tripplett's vow. 
500 |a Microfilm. Ann Arbor, Mich. : University Microfilms International, 1981 -- 1 reel ; 35 mm. -- (Dime novels ; Unit 7 ; 31-WF : reel 67:6). 
500 |a Microform. 
830 0 |a Beadle's frontier series (Westbrook) ;  |v no. 31. 
830 0 |a Beadle's dime novels ;  |v WF-31. 
999 |a MARS 
999 f f |s 7401d4ed-b2a2-3946-9919-e2ef834a82d4  |i 286822a9-53f2-3e91-abd5-829fc0c6dfc3  |t 0 
952 f f |p default  |a Texas A&M University  |b College Station  |c Sterling C. Evans Library  |d Evans: Microforms (3rd floor)  |t 0  |e film B 3866 reel 67:6  |h Other scheme  |i microform -- microfilm reel 
998 f f |a film B 3866 reel 67:6  |t 0  |l Evans: Microforms (3rd floor)